000 00632nam a2200229 a 4500
001 4839
003 BD-RjUL
005 20211208233950.0
008 131223s1963 enk 000 0 eng d
035 _a(BD-RjUL)4874
040 _aDLC
_cCarP
_dDLC
_dBD-RjUL)
_beng
041 _aeng
082 0 4 _223
_a364.63
_bTOP 1963
100 1 _aTodd, Marjory
_915260
245 1 4 _aThe probation officer and his world /
_cMarjory Todd.
260 _aLondon:
_bV. Gollancz ltd.,
_c1963.
300 _a192 p. ;
_c21 cm.
650 0 _aProbation
_zGreat Britain.
_915261
650 0 _aProbation
_9157139
942 _2ddc
_cBK
999 _c4839
_d4839